000 01207nam a2200289 a 4500
001 BRCA_5374
005 20190320205042.0
008 031208s1934----nyua---###---#000-0#eng-#
041 _aeng
044 _anyu
050 4 _aPQ6343
_b.U77 2 1934
245 1 0 _aUrrabieta Vierge and ilustrators of Don Quixote (19th and 20th centuries)
_ban exhibition from books in the Library of the Hispanic Society of America
_cby Hispanic Society of America.
260 _aNueva York
_bPrinted by Order of the Trusties
_c1934
300 _aviii, 36 p.
_bil., 1 lámina
_c19 cm.
440 0 _aHispanic notes & monographs: essays, studies, and brief biographies issued by the Hispanic Society of America
_97657
500 _aEjemplar igual a AA53
500 _aM16
600 1 4 _aCervantes Saavedra, Miguel de
_d1547-1616
_tIconografía
_97658
600 1 4 _aCervantes Saavedra, Miguel de
_d1547-1616
_vBibliografías
_97659
600 1 4 _aVierge, Daniel Urrabieta
_d1851-1904
_97660
650 1 4 _aLibros ilustrados
_ySiglo XX
_97661
650 1 4 _aLibros ilustrados
_ySiglo XIX
_97662
650 1 4 _aGalerías y museos
_zEstados Unidos
_97437
710 2 _aHispanic Society of America
_913753
902 _aGFM
942 _2lcc
_cB
999 _c5068
_d5068